000 00699nam a22002177a 4500
999 _c2731
_d2731
003 AR-CdUCM
008 190305b ||||| |||| 00| 0 spa d
040 _aMUNICIPALIDAD PROVINCIAL DEL CUSCO
_cBIBLIOTECA MUNICIPAL DEL CUSCO
082 _a869.56 /
_bZ32
100 _aZambrano, Luis
_99556
245 _aEn una ollita de barro /
260 _aLima :
_c1997.
300 _a50 Páginas ;
_c20 cm.
505 _aContenido: Y tuyo tambien -- Que venga la lluvia nuestra -- Resurrección -- Certeza -- En esta nueva navidad...
650 _aPoesía peruana
_9806
650 _aTradición
_92335
650 _aYawar
_99557
650 _aArte popular
_99558
942 _2ddc
_cLIBROS
945 _adavv